[Event "Verbandsliga Nordbaden 2223"]
[Site "Germany"]
[Date "2023.01.22"]
[Round "5.8"]
[White "Kappes, Konstantin"]
[Black "Schwingen, Dominik"]
[Result "0-1"]
[WhiteElo "1994"]
[BlackElo "1921"]
[PlyCount "62"]
[EventDate "2022.09.25"]
[EventType "team-tourn"]
[EventRounds "9"]
[EventCountry "GER"]
[SourceTitle "EXT 2024"]
[Source "ChessBase"]
[SourceDate "2023.10.10"]
[SourceVersion "1"]
[SourceVersionDate "2023.10.10"]
[SourceQuality "1"]
[WhiteTeam "Bad Mergentheim II"]
[BlackTeam "Ettlingen II"]
[WhiteTeamCountry "GER"]
[BlackTeamCountry "GER"]

1. Nf3 e6 2. b3 Nf6 3. Bb2 d5 4. e3 c5 5. d4 Nc6 6. Be2 Bd6 7. 0-0 0-0 8. c4 b6 9. Nc3 Ba6 10. cxd5 Bxe2 11. Qxe2 exd5 12. Rfd1 cxd4 13. Nxd4 Nxd4 14. Rxd4 Be5 15. Rd3 Qd6 16. g3 Rfd8 17. Nb5 Qe7 18. Rad1 h6 19. Bxe5 Qxe5 20. Nc3 Rd7 21. Qf3 Rad8 22. Nb5 Ne4 23. Nd4 Rd6 24. Qe2 Rc8 25. Qe1 a6 26. Rc1 Rdd8 27. Nc6 Qf6 28. Nxd8 Rxc1 29. Qxc1 Qxf2+ 30. Kh1 Qe2 31. Rxd5 Nf2+ 0-1

[Event "DSOL 01 Liga Gr-B 1st"]
[Site "Playchess.com INT"]
[Date "2020.06.22"]
[Round "1.4"]
[White "Buchholz, Robert"]
[Black "Schwingen, Dominik"]
[Result "1-0"]
[WhiteElo "1944"]
[BlackElo "1924"]
[PlyCount "61"]
[EventDate "2020.06.22"]
[EventType "team-tourn (rapid)"]
[EventCountry "GER"]
[SourceTitle "EXT 2021"]
[Source "ChessBase"]
[SourceDate "2020.10.23"]
[SourceVersion "1"]
[SourceVersionDate "2020.10.23"]
[SourceQuality "1"]
[WhiteTeam "Hamburg Diogenes"]
[BlackTeam "Ettlingen"]
[WhiteTeamCountry "GER"]
[BlackTeamCountry "GER"]

1. d4 e6 2. Nf3 d5 3. c4 Nf6 4. Nc3 Be7 5. Bg5 0-0 6. e3 Nbd7 7. Rc1 a6 8. Bd3 dxc4 9. Bxc4 b5 10. Bd3 Bb7 11. 0-0 c5 12. Ne5 cxd4 13. exd4 h6 14. Bh4 Rc8 15. Qe2 Nd5 16. Bxe7 Qxe7 17. Nxd5 Bxd5 18. Nxd7 Qxd7 19. a4 Rxc1 20. Rxc1 Rc8 21. Rxc8+ Qxc8 22. f3 bxa4 23. Bxa6 Qc1+ 24. Kf2 a3 25. bxa3 Qxa3 26. Bd3 Qd6 27. Qe5 Qb4 28. Kg3 Qe7 29. Be4 Bc4 30. Qb8+ Qf8 31. Bh7+ 1-0

[Event "Verbandsliga Nordbaden 1516"]
[Site "Baden"]
[Date "2015.09.27"]
[Round "1.6"]
[White "Bitsch, Volker"]
[Black "Schwingen, Dominik"]
[Result "0-1"]
[WhiteElo "2002"]
[BlackElo "1818"]
[PlyCount "110"]
[EventDate "2015.09.27"]
[EventType "team-tourn"]
[EventRounds "9"]
[EventCountry "GER"]
[SourceTitle "EXT 2022"]
[Source "ChessBase"]
[SourceDate "2021.10.06"]
[SourceVersion "1"]
[SourceVersionDate "2021.10.06"]
[SourceQuality "1"]
[WhiteTeam "Viernheim II"]
[BlackTeam "Ettlingen II"]
[WhiteTeamCountry "GER"]
[BlackTeamCountry "GER"]

1. Nf3 e6 2. b3 Nf6 3. Bb2 d5 4. e3 c5 5. Bb5+ Bd7 6. Qe2 a6 7. Bxd7+ Nbxd7 8. 0-0 Bd6 9. d3 Qc7 10. Nbd2 0-0 11. c4 Rac8 12. Rac1 Qb8 13. Rfe1 Ne5 14. Nxe5 Bxe5 15. Nf3 Bxb2 16. Qxb2 b5 17. Qe5 Qxe5 18. Nxe5 Rfd8 19. Rc2 dxc4 20. dxc4 b4 21. f3 Rd6 22. Kf2 Nd7 23. Nxd7 Rxd7 24. a3 a5 25. axb4 axb4 26. Ra1 Kf8 27. Ke2 Ke7 28. Ra5 Rd6 29. Ra7+ Rd7 30. Rxd7+ Kxd7 31. Ra2 Rc7 32. Kd3 f6 33. g4 Ke7 34. Ke4 Kd6 35. f4 g6 36. f5 exf5+ 37. gxf5 Re7+ 38. Kf4 g5+ 39. Kf3 Ke5 40. Ra5 Rc7 41. e4 Kd4 42. Ra6 Rf7 43. Rc6 Kc3 44. Rxc5 Kxb3 45. Rc6 Kc2 46. c5 b3 47. Rb6 b2 48. Ke3 Re7 49. Kd4 b1Q 50. Rxb1 Kxb1 51. Kd5 h5 52. c6 g4 53. c7 Rxc7 54. Kd6 Ra7 55. Ke6 Ra6+ 0-1

[Event "St Leon Rot op"]
[Site "St Leon Rot"]
[Date "2011.12.29"]
[Round "6"]
[White "Schwingen, Dominik"]
[Black "Honecker, Markus"]
[Result "1-0"]
[WhiteElo "1743"]
[BlackElo "1327"]
[PlyCount "77"]
[EventDate "2011.12.27"]
[EventType "swiss"]
[EventRounds "7"]
[EventCountry "GER"]
[SourceTitle "CBM 146 Extra"]
[Source "ChessBase"]
[SourceDate "2012.02.29"]
[SourceVersion "1"]
[SourceVersionDate "2012.02.29"]
[SourceQuality "1"]

1. e4 e5 2. Nf3 d6 3. Bc4 Nc6 4. d3 h6 5. c3 Nf6 6. Nbd2 Qe7 7. Nf1 Be6 8. Bb5 Qd7 9. Ng3 0-0-0 10. Be3 a6 11. Ba4 d5 12. Nxe5 Qd6 13. Nxc6 bxc6 14. 0-0 Nd7 15. d4 c5 16. Bb3 c4 17. Bc2 g5 18. exd5 Bxd5 19. Be4 Bxe4 20. Nxe4 Qg6 21. Ng3 f5 22. Qc2 Bd6 23. Qxf5 Qf6 24. Qxf6 Nxf6 25. Nf5 Ng4 26. h3 Nxe3 27. Nxe3 Rh7 28. Nxc4 Be7 29. Ne5 h5 30. Nc6 Rdh8 31. Nxe7+ Rxe7 32. Rfe1 Reh7 33. Re5 g4 34. h4 Rg7 35. Rae1 Rhh7 36. Ra5 g3 37. f3 Re7 38. Rxe7 Rxe7 39. Re5 1-0

[Event "St Leon Rot op"]
[Site "St Leon Rot"]
[Date "2011.12.27"]
[Round "1"]
[White "Schwingen, Dominik"]
[Black "Haas, Michael"]
[Result "0-1"]
[WhiteElo "1743"]
[BlackElo "2191"]
[PlyCount "70"]
[EventDate "2011.12.27"]
[EventType "swiss"]
[EventRounds "7"]
[EventCountry "GER"]
[SourceTitle "CBM 146 Extra"]
[Source "ChessBase"]
[SourceDate "2012.02.29"]
[SourceVersion "1"]
[SourceVersionDate "2012.02.29"]
[SourceQuality "1"]

1. e4 d5 2. exd5 Qxd5 3. Nc3 Qa5 4. d4 c6 5. Bd2 Bf5 6. Nf3 e6 7. Bc4 Nf6 8. 0-0 Nbd7 9. Bb3 Qc7 10. Ne2 Bg4 11. Ng3 h5 12. Re1 Bd6 13. c4 h4 14. Nf1 0-0-0 15. c5 Bf4 16. Bxf4 Qxf4 17. Qd2 Qc7 18. Qc3 Bxf3 19. Qxf3 g5 20. Ne3 Qf4 21. Rad1 Qxf3 22. gxf3 Kc7 23. Ng4 b6 24. cxb6+ axb6 25. Ne5 Nxe5 26. dxe5 Rxd1 27. Rxd1 Nd7 28. Re1 Ra8 29. f4 Ra5 30. Re4 Nc5 31. Rb4 Nd3 32. Re4 Nxf4 33. Re3 Rc5 34. f3 Rc1+ 35. Kf2 Rb1 0-1

[Event "GER-chT U16"]
[Site "Naumburg"]
[Date "2010.12.28"]
[Round "4.2"]
[White "Schwingen, Dominik"]
[Black "Scheer, Maximilian"]
[Result "0-1"]
[WhiteElo "1703"]
[BlackElo "1569"]
[PlyCount "56"]
[EventDate "2010.12.27"]
[EventType "team-swiss"]
[EventRounds "7"]
[EventCountry "GER"]
[SourceTitle "CBM 140 Extra"]
[Source "ChessBase"]
[SourceDate "2011.03.01"]
[SourceVersion "1"]
[SourceVersionDate "2011.03.01"]
[SourceQuality "1"]
[WhiteTeam "Ettlingen"]
[BlackTeam "Lippstadt Turm"]
[WhiteTeamCountry "GER"]
[BlackTeamCountry "GER"]

1. e4 c5 2. Nc3 d6 3. g3 Nc6 4. Bg2 e6 5. d3 g6 6. f4 Bg7 7. Nf3 Nge7 8. 0-0 f5 9. Rb1 Nd4 10. Be3 0-0 11. Ne2 Nxf3+ 12. Bxf3 Qc7 13. c3 e5 14. Qd2 Rb8 15. fxe5 dxe5 16. Rbc1 b6 17. Bg5 Be6 18. b3 Rbd8 19. Qc2 h6 20. Bxe7 Qxe7 21. exf5 Bxf5 22. Be4 Bxe4 23. Rxf8+ Qxf8 24. dxe4 Qf3 25. Re1 Qe3+ 26. Kh1 Rd2 27. Qc1 Qxe4+ 28. Kg1 Rxe2 0-1

[Event "GER-chT U14"]
[Site "Verden"]
[Date "2008.12.27"]
[Round "1.2"]
[White "Mundorf, Johannes"]
[Black "Schwingen, Dominik"]
[Result "1-0"]
[WhiteElo "1871"]
[BlackElo "1391"]
[PlyCount "77"]
[EventDate "2008.12.27"]
[EventType "team-swiss"]
[EventRounds "7"]
[EventCountry "GER"]
[SourceTitle "EXT 2010"]
[Source "ChessBase"]
[SourceDate "2010.11.25"]
[SourceVersion "1"]
[SourceVersionDate "2010.11.25"]
[SourceQuality "1"]
[WhiteTeam "Muelheim Nord"]
[BlackTeam "Ettlingen"]
[WhiteTeamCountry "GER"]
[BlackTeamCountry "GER"]

1. d4 e6 2. Nf3 d5 3. c4 c5 4. cxd5 exd5 5. g3 Nc6 6. Bg2 Nf6 7. 0-0 Be7 8. dxc5 Bxc5 9. a3 Be6 10. b4 Bb6 11. Bb2 0-0 12. Nc3 Rc8 13. Na4 Bc7 14. Nc5 b6 15. Nb3 Rb8 16. Rc1 Ne7 17. Nbd4 Qd7 18. Qd3 Ng6 19. Rfd1 Rbc8 20. Nc6 Bxg3 21. hxg3 Rxc6 22. Rxc6 Qxc6 23. Bxf6 gxf6 24. Nd4 Qd7 25. Nc2 Rd8 26. Qd4 Kg7 27. Ne3 Ne7 28. Bf3 Nc6 29. Qh4 Ne5 30. Bxd5 Ng6 31. Qc4 Bxd5 32. Rxd5 Qe7 33. Nf5+ Kf8 34. Nxe7 Kxe7 35. Qc7+ Ke6 36. Qxd8 Ne5 37. e4 Nf3+ 38. Kh1 Nd4 39. Qd6# 1-0

[Event "GER-chT U14"]
[Site "Verden"]
[Date "2008.12.27"]
[Round "2.2"]
[White "Schwingen, Dominik"]
[Black "Lerch, Philipp"]
[Result "0-1"]
[WhiteElo "1391"]
[BlackElo "1791"]
[PlyCount "92"]
[EventDate "2008.12.27"]
[EventType "team-swiss"]
[EventRounds "7"]
[EventCountry "GER"]
[SourceTitle "EXT 2010"]
[Source "ChessBase"]
[SourceDate "2010.11.25"]
[SourceVersion "1"]
[SourceVersionDate "2010.11.25"]
[SourceQuality "1"]
[WhiteTeam "Ettlingen"]
[BlackTeam "Berlin Makkabi"]
[WhiteTeamCountry "GER"]
[BlackTeamCountry "GER"]

1. e4 c5 2. Nc3 Nc6 3. g3 g6 4. Bg2 Bg7 5. d3 e6 6. f4 Nge7 7. Nf3 0-0 8. 0-0 d6 9. Be3 Nd4 10. Rb1 Bd7 11. Ne2 Nxf3+ 12. Bxf3 Qc7 13. c3 d5 14. e5 Rab8 15. Qe1 b5 16. d4 c4 17. b3 a5 18. Bd2 Nc6 19. a3 cxb3 20. Rxb3 a4 21. Rb1 Na5 22. Nc1 Nc4 23. Ra1 Rfc8 24. Ne2 Bf8 25. Bc1 Be7 26. Kh1 Qa7 27. Kg2 Qb7 28. Ng1 Bxa3 29. Bxa3 Nxa3 30. Be2 Nc2 31. Qc1 Nxa1 32. Qxa1 b4 33. cxb4 Qxb4 34. Nf3 Qb2 35. Qxb2 Rxb2 36. Kf2 Rcc2 37. Ng1 Bb5 38. Re1 Bxe2 39. Nxe2 a3 40. Ra1 Rxe2+ 41. Kg1 a2 42. Kf1 Rxh2 43. Kg1 Rhc2 44. Re1 Rb1 45. Rf1 Rxf1+ 46. Kxf1 a1N 0-1

[Event "GER-chT U12"]
[Site "Verden an der Aller"]
[Date "2007.12.29"]
[Round "6.3"]
[White "Schwingen, Dominik"]
[Black "Holle, Cedric"]
[Result "0-1"]
[WhiteElo "1240"]
[BlackElo "1261"]
[PlyCount "62"]
[EventDate "2007.12.27"]
[EventType "team-swiss"]
[EventRounds "7"]
[EventCountry "GER"]
[SourceTitle "EXT 2009"]
[Source "ChessBase"]
[SourceDate "2008.11.26"]
[SourceVersion "1"]
[SourceVersionDate "2008.11.26"]
[SourceQuality "1"]
[WhiteTeam "Ettlingen U12"]
[BlackTeam "Heusweiler SC Reti U12"]
[WhiteTeamCountry "GER"]
[BlackTeamCountry "GER"]

1. e4 e5 2. Nf3 Nc6 3. Bc4 Nf6 4. Ng5 d5 5. exd5 Na5 6. Bb5+ c6 7. dxc6 bxc6 8. Be2 Bc5 9. 0-0 0-0 10. c3 Nb7 11. d3 Bf5 12. Be3 h6 13. Nf3 Re8 14. Bxc5 Nxc5 15. d4 exd4 16. cxd4 Ne6 17. Nc3 Qb6 18. b3 Rad8 19. Na4 Qb4 20. Bc4 Bg4 21. h3 Bxf3 22. Qxf3 Nxd4 23. Qf4 Ne2+ 24. Bxe2 Qxf4 25. Bf3 Rd6 26. Rac1 Ne4 27. Rfe1 Rg6 28. Nc5 Qxf3 29. g3 Rxg3+ 30. fxg3 Qxg3+ 31. Kf1 Qf2# 0-1

[Event "GER-chT U12"]
[Site "Verden an der Aller"]
[Date "2007.12.28"]
[Round "3.3"]
[White "Xiong, Ferdinand"]
[Black "Schwingen, Dominik"]
[Result "0-1"]
[WhiteElo "1489"]
[BlackElo "1240"]
[PlyCount "72"]
[EventDate "2007.12.27"]
[EventType "team-swiss"]
[EventRounds "7"]
[EventCountry "GER"]
[SourceTitle "EXT 2009"]
[Source "ChessBase"]
[SourceDate "2008.11.26"]
[SourceVersion "1"]
[SourceVersionDate "2008.11.26"]
[SourceQuality "1"]
[WhiteTeam "Vaterstetten SC U12"]
[BlackTeam "Ettlingen U12"]
[WhiteTeamCountry "GER"]
[BlackTeamCountry "GER"]

1. e4 e6 2. d4 d5 3. exd5 exd5 4. Nc3 Nc6 5. Be3 Nge7 6. Bd3 Be6 7. Nf3 Qd7 8. h3 0-0-0 9. Qd2 Nf5 10. 0-0-0 Nxe3 11. fxe3 Bb4 12. a3 Ba5 13. b4 Bb6 14. Rdf1 h6 15. Kb2 Rhf8 16. Ra1 a6 17. Na4 Ba7 18. Nc5 Bxc5 19. dxc5 d4 20. e4 f5 21. e5 Qd5 22. Rhe1 g5 23. Qe2 g4 24. hxg4 fxg4 25. Nd2 h5 26. Be4 Qxe5 27. Bxc6 Qxe2 28. Rxe2 bxc6 29. Rxe6 Rf2 30. Ne4 Rxg2 31. Kb3 Rh8 32. Rd1 h4 33. Rh1 h3 34. Rg6 h2 35. Rg7 Rg1 36. Nf2 g3 0-1

[Event "GER-chT U12"]
[Site "Verden an der Aller"]
[Date "2007.12.27"]
[Round "2.3"]
[White "Schwingen, Dominik"]
[Black "Richter, Leonard"]
[Result "1/2-1/2"]
[WhiteElo "1240"]
[BlackElo "1349"]
[PlyCount "83"]
[EventDate "2007.12.27"]
[EventType "team-swiss"]
[EventRounds "7"]
[EventCountry "GER"]
[SourceTitle "EXT 2009"]
[Source "ChessBase"]
[SourceDate "2008.11.26"]
[SourceVersion "1"]
[SourceVersionDate "2008.11.26"]
[SourceQuality "1"]
[WhiteTeam "Ettlingen U12"]
[BlackTeam "Leipzig BSG Chemie U12"]
[WhiteTeamCountry "GER"]
[BlackTeamCountry "GER"]

1. e4 c6 2. d4 d5 3. exd5 cxd5 4. Nf3 Bg4 5. h3 Bxf3 6. Qxf3 Nc6 7. Bb5 e6 8. Nc3 Nf6 9. 0-0 Bd6 10. Bg5 0-0 11. Bxf6 Qxf6 12. Qxf6 gxf6 13. Bxc6 bxc6 14. Rfe1 Rab8 15. Rab1 Rb7 16. Red1 Rfb8 17. b3 e5 18. Ne2 Kh8 19. c3 e4 20. Rf1 f5 21. f3 Rg8 22. fxe4 fxe4 23. Rf6 Rg6 24. Rxg6 fxg6 25. Rf1 Kg7 26. c4 Rf7 27. Rxf7+ Kxf7 28. cxd5 cxd5 29. Nc3 Ke6 30. Kf2 a6 31. g4 h6 32. Ke2 Ba3 33. Kd2 Bb4 34. Kc2 Bxc3 35. Kxc3 h5 36. Kd2 hxg4 37. hxg4 Kf6 38. a4 Ke6 39. Ke3 Kd6 40. b4 Kc6 41. Kf4 Kb6 42. Ke3 1/2-1/2